|
|
|
|
| LEADER |
00000nam0a2200000 4500 |
| 001 |
279251 |
| 005 |
20231031232011.0 |
| 020 |
|
|
|a RU
|b 86-54234
|
| 035 |
|
|
|a (RuTPU)RU\TPU\book\302529
|
| 090 |
|
|
|a 279251
|
| 100 |
|
|
|a 20141217d1986 k y0rusy5003 ca
|
| 101 |
0 |
|
|a rus
|
| 102 |
|
|
|a RU
|
| 105 |
|
|
|a a z 001zy
|
| 200 |
1 |
|
|a Флотационные реагенты
|f Академия наук СССР (АН СССР), Институт проблем комплексного освоения недр (ИПКОН) ; под ред. А. М. Гольмана
|
| 210 |
|
|
|a Москва
|c Наука
|d 1986
|
| 215 |
|
|
|a 243 с.
|c ил.
|
| 320 |
|
|
|a Библиогр. в конце ст.
|
| 606 |
1 |
|
|a Флотационные реагенты
|2 stltpush
|3 (RuTPU)RU\TPU\subj\64010
|
| 610 |
1 |
|
|a применение
|
| 610 |
1 |
|
|a руды цветных металлов
|
| 610 |
1 |
|
|a благородные металлы
|
| 610 |
1 |
|
|a руды черных металлов
|
| 610 |
1 |
|
|a горно-химическое сырье
|
| 610 |
1 |
|
|a механизм действия
|
| 675 |
|
|
|a 622.765.06
|z rus
|v 4
|
| 702 |
|
1 |
|a Гольман
|b А. М.
|g Александр Максович
|4 340
|
| 712 |
0 |
2 |
|a Академия наук СССР (АН СССР)
|b Институт проблем комплексного освоения недр (ИПКОН)
|c (Москва)
|2 stltpush
|3 (RuTPU)RU\TPU\col\13567
|
| 801 |
|
0 |
|a RU
|b RuMRKP
|c 19950704
|g psbo
|
| 801 |
|
1 |
|a RU
|b 63413507
|c 20141217
|
| 801 |
|
2 |
|a RU
|b 63413507
|c 20180129
|g RCR
|
| 942 |
|
|
|c BK
|